Escenari secret : Parets del Vallès 28/10/2018 Parets del Vallès 28/10/2018
Descripción Física:
1 quadríptic ; il. col. ; 21 cm.
Materias:
Espectacles i passatemps -- Parets del Vallès (Catalunya)
; Teatre -- Parets del Vallès (Catalunya)
; Música -- Parets del Vallès (Catalunya)
Idioma:
Catalán
MARC
| LEADER | 00000nam a22000007a 4500 | ||
|---|---|---|---|
| 001 | 27817 | ||
| 003 | Arxiu | ||
| 005 | 20260324181515.0 | ||
| 008 | 230509b spa||||| |||| 00| 0 cat d | ||
| 017 | |a B 25600-2018 | ||
| 040 | |a agdb |b cat | ||
| 245 | |a Escenari secret : |b Parets del Vallès 28/10/2018 | ||
| 260 | |a Barcelona : |b Diputació de Barcelona ; |c 2018 | ||
| 300 | |a 1 quadríptic ; |b il. col. ; |c 21 cm. | ||
| 650 | 0 | |2 Arxiu |a Espectacles i passatemps |z Parets del Vallès (Catalunya) | |
| 650 | 0 | |2 Arxiu |a Teatre |z Parets del Vallès (Catalunya) | |
| 650 | 0 | |2 Arxiu |a Música |z Parets del Vallès (Catalunya) | |
| 710 | 1 | |9 52669 |a Barcelona (Catalunya : Província). |b Oficina de Difusió Artística | |
| 710 | 1 | |a Parets del Vallès (Catalunya). |b Ajuntament |9 53261 | |
| 942 | |2 udc |c ARXIU |n 1 | ||
| 952 | |0 0 |1 0 |2 udc |4 0 |6 FU7558 |7 1 |9 66278 |a Arxiu |b Arxiu |d 2023-05-09 |l 0 |o FU-75-58 |p 27817 |r 2023-05-09 00:00:00 |w 2023-05-09 |y ARXIU | ||
| 999 | |c 83414 |d 83414 | ||